书目信息 |
| 题名: |
Cadence高速电路板设计与仿真
|
|
| 作者: | 周润景 , 王洪艳 编著 | |
| 分册: | ||
| 出版信息: | 北京 电子工业出版社 2015.04 |
|
| 页数: | X, 536页 | |
| 开本: | 26cm | |
| 丛书名: | EDA应用技术 | |
| 单 册: | ||
| 中图分类: | TN410.2 | |
| 科图分类: | ||
| 主题词: | 印刷电路--yin shua dian lu--计算机仿真 , 印刷电路--yin shua dian lu--计算机辅助设计 | |
| 电子资源: | ||
| ISBN: | 978-7-121-25724-7 | |
| 000 | 01392nam 2200313 450 | |
| 001 | CAL 0120151561109 | |
| 005 | 20150825132319.01 | |
| 010 | @a978-7-121-25724-7@dCNY88.00 | |
| 100 | @a20150521d2015 em y0chiy50 ea | |
| 101 | 0 | @achi |
| 102 | @aCN@b110000 | |
| 105 | @aa z 000yy | |
| 106 | @ar | |
| 200 | 1 | @aCadence高速电路板设计与仿真@ACadence gao su dian lu ban she ji yu fang zhen@e信号与电源完整性分析@f周润景, 王洪艳编著 |
| 205 | @a第5版 | |
| 210 | @a北京@c电子工业出版社@d2015.04 | |
| 215 | @aX, 536页@c图@d26cm | |
| 225 | 2 | @aEDA应用技术@AEDA ying yong ji shu |
| 330 | @a本书以Cadence Allegro SPB 16.6为基础, 以具体的高速PCB为范例, 详尽讲解了IBIS模型的建立、高速PCB的预布局、拓扑结构的提取、反射分析、串扰分析、时序分析、约束驱动布线、后布线DRC分析、差分对设计等信号完整性分析, 以及目标阻抗、电源噪声、去耦电容器模型与布局、电源分配系统、电压调节模块、电源平面、单节点仿真、多节点仿真、直流分析、交流分析、模型提取等电源完整性分析内容。 | |
| 410 | 0 | @12001 @aEDA应用技术 |
| 517 | 1 | @a信号与电源完整性分析@Axin hao yu dian yuan wan zheng xing fen xi |
| 586 | @a | |
| 606 | 0 | @a印刷电路@Ayin shua dian lu@x计算机仿真 |
| 606 | 0 | @a印刷电路@Ayin shua dian lu@x计算机辅助设计 |
| 690 | @aTN410.2@v5 | |
| 701 | 0 | @a周润景@Azhou run jing@4编著 |
| 701 | 0 | @a王洪艳@Awang hong yan@4编著 |
| 801 | 0 | @aCN@c20150820 |
| 905 | @a河南城建学院图书馆@dTN410.2@eZ7801@f2 | |
| Cadence高速电路板设计与仿真:信号与电源完整性分析/周润景, 王洪艳编著.-第5版.-北京:电子工业出版社,2015.04 |
| X, 536页:图;26cm.-(EDA应用技术) |
| ISBN 978-7-121-25724-7:CNY88.00 |
| 本书以Cadence Allegro SPB 16.6为基础, 以具体的高速PCB为范例, 详尽讲解了IBIS模型的建立、高速PCB的预布局、拓扑结构的提取、反射分析、串扰分析、时序分析、约束驱动布线、后布线DRC分析、差分对设计等信号完整性分析, 以及目标阻抗、电源噪声、去耦电容器模型与布局、电源分配系统、电压调节模块、电源平面、单节点仿真、多节点仿真、直流分析、交流分析、模型提取等电源完整性分析内容。 |
| ● |
| 相关链接 |
|
|
|
正题名:Cadence高速电路板设计与仿真
索取号:TN410.2/Z7801
 
预约/预借
| 序号 | 登录号 | 条形码 | 馆藏地/架位号 | 状态 | 备注 |
| 1 | 1223150 | 212231501 | 自科库301/301自科库 27排3列5层/ [索取号:TN410.2/Z7801] | 在馆 | |
| 2 | 1223151 | 212231510 | 自科库301/301自科库 27排3列5层/ [索取号:TN410.2/Z7801] | 在馆 |